|
|
|
|
| LEADER |
00000nam a2200000 a 4500 |
| 001 |
vtls012053303 |
| 003 |
SK-MaSNL |
| 005 |
20260301215838.0 |
| 008 |
210701s1811 xo a 0 0n0dlat |
| 015 |
|
|
|a SNBHFA
|
| 035 |
|
|
|a urn:nbn:sk:snk-am00fbaw
|
| 035 |
|
|
|a urn:nbn:sk:snk-am3ippb
|
| 035 |
|
|
|a DD052D48-B132-41F1-96E8-0857FFFEFE92
|
| 040 |
|
|
|a SNKHF
|b slo
|c SNKHF
|e AACR2
|
| 041 |
0 |
|
|a lat
|
| 044 |
|
|
|a xo
|c SK
|
| 072 |
|
7 |
|a 808
|x Literárny štýl. Literárna činnosť a technika. Efektívne využívanie jazyka. Spisovateľská činnosť
|2 konspekt
|
| 080 |
|
|
|a 808.5-051
|2 2011
|
| 100 |
1 |
|
|a Šafár, Imrich,
|d okolo 1767-1823
|4 aut
|9 606205
|
| 245 |
1 |
0 |
|a Oratio Funebris
|b Qua Illustrissimo, ac Magnifico Domino Mauritio Libero Baroni A Sahlhausen, Sacrae Caesareae, Et Regio-Apostolicae Maiestatis Consiliario, Et Superiori Per Inclytum Districtum Litterarium Cassoviensem Scholarum Ac Studiorum Directori Regio
|c In Palatio Regiae Academiae Cassouiensis die 12-ma Nouembris 1811. Parentavit Emericus Sáfár, J. U. D. Inclytae Facultatis Juridicae Pro-Senior, Scientiarum Politico-Cameralium, Iuris item Cambio-Mercatorii Professor Publicus Ordinarius, et Reuisor Librorum Regius
|
| 260 |
|
|
|a Cassiviae
|b Typis Stephani Ellinger, Caes. Reg. Priv. Typographi
|c 1811
|
| 300 |
|
|
|a 8 s.
|c 23 cm
|
| 500 |
|
|
|a Titulná strana s vinetou. Ozdobné linky
|
| 501 |
|
|
|a Prív. 28. k: PÁLEŠ, Henrich. Carmen ... Petro Klobusitzky. Pestini : Typi Ludovici Landerer, 1828.
|5 SNK SB 24307/prív.28
|
| 600 |
1 |
4 |
|a Sahlhausen, Mauritius,
|c vysokoškolský pedagóg,
|d zomrel 1811
|9 606206
|
| 655 |
|
7 |
|a príležitostné reči
|2 SNKPH
|9 278783
|
| 700 |
1 |
|
|a Ellinger, Štefan,
|d 1780-1850
|4 prt
|9 210755
|
| 752 |
|
|
|a Slovensko
|d Košice
|
| 958 |
|
|
|a ONDV
|
| 958 |
|
|
|a DF
|
| 999 |
|
|
|c 929651
|d 931581
|
| 952 |
|
|
|a SNK
|b SNK
|y PREZ
|7 0
|p 17A1397427
|o snkSB 24307/prív.28
|i snkF 22/77
|8 5
|0 0
|1 0
|4 0
|d 2021-05-10
|f 1
|l 0
|r 2025-03-28 00:00:00
|w 2026-02-24
|